000 00521nam a2200169Ia 4500
003 GCL
008 140319s9999 xx 000 0 ara d
040 _aGCL /
_cGCL
082 0 4 _a327.1
_bع ح
100 1 _aعلى ابونوار
245 1 0 _aحين تلاشـت العرب: مـذكرات في السياسة العربية (1948-1964) /
_cعلى ابونوار
260 _a[S.N] :
_bدار الساقى ،
_c1989
300 _a419 ص
490 _a
650 0 4 _aالسياسة الدولية
942 _2ddc
_cBK
999 _c28323
_d28323